Actors who worked with Louis Leterrier - Statistics

General Stats
  • This quiz has been taken 19 times
  • The average score is 27 of 70
Answer Stats
Films Answer % Correct
Fast X Vin Diesel
100%
Now You See Me Dave Franco
83%
Now You See Me Jesse Eisenberg
83%
Now You See Me Mark Ruffalo
83%
Now You See Me, Unleashed Morgan Freeman
83%
Now You See Me Woody Harrelson
83%
The Incredible Hulk Edward Norton
67%
Now You See Me, Grimsby Isla Fisher
67%
Fast X, Transporter 2 Jason Statham
67%
Fast X John Cena
67%
Clash of the Titans Liam Neeson
67%
Grimsby Mark Strong
67%
Now You See Me Mélanie Laurent
67%
Now You See Me Michael Caine
67%
Clash of the Titans Ralph Fiennes
67%
Grimsby Sacha Baron Cohen
67%
Clash of the Titans Sam Worthington
67%
Fast X Brie Larson
50%
Fast X Charlize Theron
50%
Fast X Helen Mirren
50%
Fast X Jason Momoa
50%
Fast X Jordana Brewster
50%
The Incredible Hulk Liv Tyler
50%
Fast X Ludacris
50%
Fast X Michelle Rodriguez
50%
Fast X Nathalie Emmanuel
50%
Fast X Scott Eastwood
50%
Fast X Sung Kang
50%
The Incredible Hulk Tim Blake Nelson
50%
The Incredible Hulk Tim Roth
50%
Fast X Tyrese Gibson
50%
The Incredible Hulk William Hurt
50%
Transporter 2 Amber Valletta
33%
Unleashed Bob Hoskins
33%
Now You See Me Common
33%
The Takedown Flavie Péan
33%
Clash of the Titans Gemma Arterton
33%
Unleashed Jet Li
33%
Clash of the Titans Luke Evans
33%
Clash of the Titans Mads Mikkelsen
33%
Transporter 2 Matthew Modine
33%
Clash of the Titans Nicholas Hoult
33%
The Takedown Omar Sy
33%
Grimsby Penélope Cruz
33%
Grimsby Rebel Wilson
33%
Clash of the Titans Alexa Davalos
17%
Now You See Me Caitríona Balfe
17%
Clash of the Titans Danny Huston
17%
The Takedown Dimitri Storoge
17%
Clash of the Titans Elizabeth McGovern
17%
Clash of the Titans, Transporter 2 Jason Flemyng
17%
Transporter 2 Kate Nauta
17%
Transporter 2 Keith David
17%
Unleashed Kerry Condon
17%
The Takedown Laurent Lafitte
17%
Clash of the Titans Liam Cunningham
17%
Now You See Me Michael Kelly
17%
Fast X Pete Davidson
17%
Clash of the Titans Pete Postlethwaite
17%
Fast X Rita Moreno
17%
Clash of the Titans Rory McCann
17%
The Incredible Hulk Ty Burrell
17%
Clash of the Titans, Unleashed Vincent Regan
17%
Now You See Me Adam Shapiro
0%
Transporter 2 Alessandro Gassmann
0%
Clash of the Titans Alexander Siddig
0%
Grimsby Annabelle Wallis
0%
The Takedown Izia Higelin
0%
Grimsby John Bradley
0%
The Takedown Stéphane Pezerat
0%
No matching quizzes found
Score Distribution
Percent of People with Each Score
Percentile by Number Answered
Your Score History
You have not taken this quiz